Statistics for Game consoles by random button(s)

Click here to take the quiz!

General Stats

  • This quiz has been taken 21 times
  • The average score is 16 of 24

Answer Stats

Answer% Correct
PlayStation
95%
Gameboy
90%
Wii
90%
Xbox
90%
Nintendo DS
85%
PlayStation 4
85%
PlayStation Portable
85%
Xbox One
85%
GameCube
80%
PlayStation 2
80%
PlayStation 3
80%
Xbox 360
80%
Nintendo 64
75%
Nintendo Entertainment System
65%
Atari 2600
55%
Gameboy Advance
55%
Gameboy Color
50%
PSVita
50%
Super NES
50%
Color TV Game
35%
Sega Master System
30%
Intellivision
25%
N-Gage
25%
Atari 400
15%

Score Distribution

Percentile by Number Answered

Percent of People with Each Score

Your Score History

You have not taken this quiz